« Retourner aux résultats de recherche
métamorphose de Carag (La)
| Auteur principal: | Katja Brandis |
|---|---|
| D'autres auteurs: | Virginie Cantin |
| Support: | Livres |
| Langue: | Francais |
| Publié: |
2023 Pocket junior Paris |
| Series: |
Woodwalkers |
| Genre: |
Roman enfant |
| Sujets: | |
| Étiquettes: |
Ajouter
Pas de Tags !
|
| LEADER | 00677nam0a2200205 450 | ||
|---|---|---|---|
| 001 | 16842316 | ||
| 010 | |a 978-2-266-32982-8 |b br. |d 16,2 | ||
| 100 | |a 20230322d2023 u u0frey01 ba | ||
| 101 | 1 | |a fre |c ger | |
| 102 | |a FR | ||
| 200 | 0 | |a métamorphose de Carag (La) |f Katja Brandis |g traduit de l'allemand par Virginie Cantin | |
| 207 | 1 | |a | |
| 210 | |a Paris |c Pocket junior |d 2023 | ||
| 215 | |a 1 vol. (269 p.) |d 23 cm | ||
| 461 | 0 | |t Woodwalkers | |
| 700 | 0 | |a Brandis |b Katja |f 1970-.... |4 70 | |
| 702 | 0 | |a Cantin |b Virginie |4 730 | |
| 900 | |a Roman enfant | ||
| 901 | |a Accessible au prêt | ||
| 995 | |a Bibliothèque |c Bibliothèque |f 024023612 |h 024023612 |k E C3 BRA |o p |q j |r az |e Bibliothèque | ||
